000 00651nam a22001817a 4500
003 SISC
005 20170306110101.0
008 170306b xxu||||| |||| 00| 0 eng d
020 _a9789719905967
050 _aTX 911.3.M27
_b.C815 2015
100 _aCornell, Daryl Ace V.
245 _aResorts & recreation management :
_ban introduction /
_cDaryl Ace V. Cornell, Ephraimuel Jose L. Abellana, Benedicto G. Bernardo.
260 _aManila :
_bMindshapers Co., Inc.,
_c2015.
300 _avi, 159 pages :
_billustrations ;
_c25 cm.
500 _aIncludes bibliographical references and glossary.
650 _aResorts -- Management.
942 _2lcc
_cBK
999 _c317071
_d317071